|
|
|
|
| LEADER |
00000nam a2200000 i 4500 |
| 005 |
20111007142730.0 |
| 008 |
100311s2010 sp 000 0 spa d |
| 020 |
|
|
|a 9788498498219
|
| 035 |
|
|
|a 5732
|
| 040 |
|
|
|a UJAEN
|d BUS
|d vLex
|
| 090 |
|
|
|c 2634
|d 2634
|
| 245 |
0 |
3 |
|a La persona fs̕ica . La capacidad, su localizacin̤
|h [Recurso electrn̤ico] /
|c coordinadora Mara̕ ℓngeles Parra Lucǹ ; M® Victoria Mayor del Hoyo ... [et al.]
|n cuaderno I
|
| 256 |
|
|
|a Servicio en ln̕ea.
|
| 260 |
|
|
|a Madrid :
|b Dykinson,
|c 2010.
|
| 300 |
|
|
|a 1 recurso electrn̤ico
|
| 506 |
1 |
|
|a Contenido solo disponible en los productos indicados
|d vLex Global
|d vLex Global (Academic Edition, excluding Law Schools)
|d vLex Global (U.S. Academic Edition, Law Schools)
|d vLex Global (U.S. Academic Edition, excluding Law Schools)
|d vLex Global (Academic Edition, Law Schools)
|
| 650 |
0 |
4 |
|a Personas (Derecho)
|z Espaą
|
| 700 |
1 |
|
|a Mayor del Hoyo, Mara̕ Victoria,
|e coaut.
|
| 700 |
1 |
|
|a Parra Lucǹ, Mara̕ ℓngeles,
|e coord.
|
| 740 |
0 |
|
|a vLex Libros (Servicio en ln̕ea)
|
| 830 |
0 |
|
|a Cuadernos prc̀ticos Bolonia.
|p Persona
|v 1
|
| 856 |
4 |
0 |
|u http://vlex.com/source/cuadernos-practicos-bolonia-persona-fisica-capacidad-localizacion-5732
|z Acceso restringido.
|
| 942 |
|
|
|c BOOK
|